000 00473nab a2200145Ia 4500
003 ES-SlBCS
005 20210601141607.0
008 140529s1998 xxu||||| |||| 00| 0 spa d
041 _aspa
100 1 _aOrden Olasagasti, Olga del
_9258350
245 0 0 _aComposición del mercado español de 1989 a 1998
_c Olga del Orden Olasagasti
650 0 4 _aMercado Español-1989 a 1998
_9258740
773 0 _tEstudios Empresariales
_gnº. 98, 1998, págs. 60-70
_wRev1197
942 _cAR
999 _c663251
_d663251